100 personnages Zelda - Statistiques

Statistiques générales
  • Ce quiz a été pris 72 fois
    13 depuis la dernière actualisation
  • Le résultat moyen est 27 sur 100
Statistiques - réponses
Hint Réponse % Correct
Prodige goron Daruk
100%
Chef des Yigas Le grand Kogha
100%
Prodige Zora Mipha
83%
Le réveiller fera disparaître une île Le poisson-rêve
67%
Gardien de la forêt Le vénérable arbre Mojo
67%
Porteur de la triforce du courage Link
67%
Prodige Piaf Revali
67%
Cheffe gerudo Riju
67%
Prince des Zoras Sidon
67%
Vendeur itinérant Terry
67%
Princesse d’hyrule Zelda
67%
Véritable identité du Banni Avatar du néant
50%
Scientifique d’Akkala Faras
50%
Esprit de l’épée de légende Fay
50%
Roi des Gerudos Ganondorf
50%
Fondateur du village d’Euzero Grosaillieh
50%
Brute au grand cœur amoureux de Zelda Hergo
50%
Sage sheikah Impa
50%
Vendeur d’arme abordant du violet Lavio
50%
Fille du propriétaire du Ranch Lon Lon Malon
50%
Princesse du crépuscule Midona
50%
« Hey ! Listen ! » Navi
50%
Araignée d’or à collectionner Skulltula
50%
anciens sheikahs servant Ganon Yigas
50%
Forgeron goron Biggoron
33%
Monture volante Celestrier
33%
Ombre copiant chacun de nos mouvements Dark link
33%
Déesse de la force Din
33%
Fidèle destrier Epona
33%
Démon maître de la triforce de la force Ganon
33%
Boss parasitant l'arbre Mojo Gohma
33%
Bateau parlant Lion rouge
33%
Forme bestiale du héros du crépuscule Loup
33%
Jeune habitante de Cocolint Marine
33%
Masque maléfique Masque de Majora
33%
Petit pirate à lunettes Nico
33%
Korogu jouant des maracas Noïa
33%
Scientifique d’elimith Pru’ha
33%
Vieux bûcheron gardant un lourd secret Roham Bosphoramus Hyrule
33%
Étrange sheikah jouant de la lyre Sheik
33%
Enfant possédé, fléau de Termina Skull kid
33%
Guerrier piaf Teba
33%
Il est persuadé être une fée Tingle
33%
Prodige gerudo Urbosa
33%
Goron peureux Yunobo
33%
Jeune piaf courageux Babil
17%
Enfant devenant un as du commerce Balder
17%
Chef du village de Toal Bohdan
17%
Fée naviguant avec le héros sur les mers Ciela
17%
Roi déchu de Hyrule Daphnès Nohansen Hyrule
17%
Sage du peuple goron Darunia
17%
Korogu violoniste Dumoria
17%
Déesse du courage Farore
17%
Directeur de l’école de chevalerie Gaepora
17%
Esprit d'une épée démoniaque Ghirahim
17%
Bras droit de Tetra Gonzo
17%
Il s’occupe du cimetière Igor
17%
Fille du chef de Toal Iria
17%
Grand hibou Kaepora Gaebora
17%
Monstre aux gros orteils Le banni
17%
Fier capitaine à la recherche de trésors Linebeck
17%
Érudit sonau Mineru
17%
Sage gerudo Nabooru
17%
Déesse de la sagesse Nayru
17%
Le maître du néant Nihil
17%
Sage de la lumière Rauru
17%
Général impulsif de l’armée Rex
17%
Oiseau kidnappant des fillettes Roi cuirasse
17%
Sage Zora Ruto
17%
Sage kokiri Saria
17%
Pirate malicieuse Tetra
17%
Elle répare les failles avec ses compagnons Tri
17%
La fusion de deux sorcières Twinrova
17%
Usurpateur du trône du crépuscule Xanto
17%
habitante d'un manoir, victime du miroir des ombres Yeta
17%
Habitant des pics blancs Yéti
17%
Dieu du vent Zephos
17%
Mage voulant ouvrir la terre d’or Agahnim
0%
Dame ayant perdu ses poules Anju
0%
Petite soeur du héros issu de l’île de l’Aurore Arielle
0%
Antagoniste aspirant l’énergie vitale de ses victimes Bellum
0%
Enfant idolâtrant le héros du crépuscule Colin
0%
Dieu des tempêtes Cyclos
0%
Sage locomo Dame Bicelle
0%
Chapeau parlant Exelo
0%
Homme mauvais travaillant au ranch Ingo
0%
Redevient un enfant à cause d’une malédiction Kafei
0%
Ministre voulant réveiller Mallard Kimado
0%
sorcière maniant le feu Kotake
0%
sorcière manipulant la glace Koume
0%
Prince zora malade Lars
0%
Fille Piaf aux yeux rouges Medolie
0%
Guitariste des Indigo’-Go’s Mikau
0%
Soldat s’attaquant aux saisons Onox
0%
Propriétaire du ranch lonlon Talon
0%
Tavernière extravagante Telma
0%
Antagoniste avec un gant bleu Traucmahr
0%
Minish violet Vaati
0%
Sorcière brisant les âges Veran
0%
Enferme la princesse dans un tableau Yuga
0%
Aucun quiz correspondant
Distribution des résultats
% des personnes avec chaque résultat
Percentile par nombre de réponses
Votre historique - résultats
Vous n’avez pas pris ce quiz depuis la dernière actualisation